Statistics for Christmas Hymn Lyrics #1

Click here to take the quiz!

General Stats

  • This quiz has been taken 307 times
  • The average score is 24 of 30

Answer Stats

Song #1% Correct
O come all ye {faithful},
98%
Away in a {manger},
97%
O come let us {adore} him
95%
O come let us {adore} him
95%
O come let us {adore} him
95%
The little lord {Jesus} lay down his sweet head
95%
Born the {king} of angels
92%
O come ye, O come ye to {Bethlehem}
92%
O holy night! The stars are brightly {shining}
92%
The {stars} in the sky
92%
Joyful and {triumphant}
90%
Joy to the world, the {Lord} is come!
90%
The little lord Jesus, {asleep} on the hay
90%
No {crib} for his bed
89%
{Christ}, the Lord!
88%
And {heaven}, and {heaven} and nature sing!
85%
And {heaven} and nature sing,
85%
And {heaven} and nature sing,
85%
Let {earth} receive her King;
83%
Come and {behold} him,
76%
It is the night of the dear {Savior's} birth.
76%
Fall on your {knees}! O hear the angel voices!
73%
Let every {heart} prepare him room,
69%
Long lay the {world} in sin and error pining,
68%
{Looked} down where he lay
66%
O night {divine}, the night when Christ was born;
65%
O night, O holy night, O night {divine}!
65%
For younder breaks a new and {glorious} morn.
59%
A thrill of {hope}, the weary world rejoices,
57%
Til he {appeared} and the Soul felt its worth.
52%

Score Distribution

Percentile by Number Answered

Percent of People with Each Score

Your Score History

You have not taken this quiz